Handbook of Industrial Waste Treatment

This handbook emphasizes in-depth presentation of environmental pollution sources, waste characteristics, control technologies, mangement strategies, facility innovations, process alternatives, costs, case histories, effluent standards, and future trends for each industrial or commercial operation.

Αποθηκεύτηκε σε:
Λεπτομέρειες βιβλιογραφικής εγγραφής
Μορφή: Βιβλίο
Γλώσσα:Undetermined
Έκδοση: New York Marcel Dekker 1992
Θέματα:
Ετικέτες: Προσθήκη ετικέτας
Δεν υπάρχουν, Καταχωρήστε ετικέτα πρώτοι!
Thư viện lưu trữ: Trung tâm Học liệu Trường Đại học Cần Thơ
LEADER 00834nam a2200193Ia 4500
001 CTU_33349
008 210402s9999 xx 000 0 und d
082 |a 628.4 
082 |b H234/Vol.1 
245 0 |a Handbook of Industrial Waste Treatment 
245 0 |c lawrence K. Wang, Mu Hao Sung Wang edited 
260 |a New York 
260 |b Marcel Dekker 
260 |c 1992 
520 |a This handbook emphasizes in-depth presentation of environmental pollution sources, waste characteristics, control technologies, mangement strategies, facility innovations, process alternatives, costs, case histories, effluent standards, and future trends for each industrial or commercial operation. 
650 |a Factory and trade waste 
650 |x Management 
904 |i Thom, 991015 
980 |a Trung tâm Học liệu Trường Đại học Cần Thơ